000 00380nam a2200145 i 4500
001 bg
100 1 _aCIESIELSKI, Jerzy
245 0 _aŁączenie i naprawa konstrukcji za pomocą żywic epoksydowych /
_cJerzy Ciesielski.
260 _aWarszawa,
_c1976.
040 _cBPK
041 _apol
080 _a624.012:678.6
942 _cKS
008 s pl f |000 0 pol
999 _c16827
_d16827
856 _uhttp://koha.tu.koszalin.pl/cgi-bin/koha/opac-detail.pl?biblionumber=16827
_yKatalog online BPK